Southville International School and Colleges
Your cart is empty.
  • Cart
  • Lists
    Public lists list_1 View all
    Your lists Log in to create your own lists
  • Log in to your account
  • Your cookies
  • Search history
Southville International School and Colleges
  • Advanced search
  • Recent comments
  • Most popular
  • Libraries

Log in to your account

Log in with GOOGLE


If you do not have an external account, but do have a local account, you can still log in:

  1. Home
  2. MARC view: Entrepreneurship
Normal view MARC view ISBD view

Entrepreneurship (Record no. 367303)

[ view plain ]
MARC details
000 -LEADER
fixed length control field 00685nam a22002177a 4500
003 - CONTROL NUMBER IDENTIFIER
control field 0
005 - DATE AND TIME OF LATEST TRANSACTION
control field 20250318144928.0
008 - FIXED-LENGTH DATA ELEMENTS--GENERAL INFORMATION
fixed length control field 250318b xxu||||| |||| 00| 0 eng d
020 ## - INTERNATIONAL STANDARD BOOK NUMBER
International Standard Book Number 978-621-427-107-8
050 ## - LIBRARY OF CONGRESS CALL NUMBER
Classification number HB 615
Item number .F75 2022
100 ## - MAIN ENTRY--PERSONAL NAME
Personal name Frias, Solita A.
245 ## - TITLE STATEMENT
Title Entrepreneurship
Statement of responsibility, etc Solita A. Frias and Cristina B. Banastao
250 ## - EDITION STATEMENT
Edition statement 2022 edition
260 ## - PUBLICATION, DISTRIBUTION, ETC. (IMPRINT)
Place of publication, distribution, etc Manila
Name of publisher, distributor, etc Unlimited Books Library Services and Publishing Inc.
Date of publication, distribution, etc 2022
300 ## - PHYSICAL DESCRIPTION
Extent xii, 248 pages ;
Dimensions 26cm.
500 ## - GENERAL NOTE
General note copy 1
504 ## - BIBLIOGRAPHY, ETC. NOTE
Bibliography, etc Includes bibliographical references, index, and appendices.
650 ## - SUBJECT ADDED ENTRY--TOPICAL TERM
Topical term or geographic name as entry element Entrepreneurship.
700 ## - ADDED ENTRY--PERSONAL NAME
Personal name Banastao, Cristina B.
942 ## - ADDED ENTRY ELEMENTS (KOHA)
Source of classification or shelving scheme Library of Congress Classification
Koha item type Books
Holdings
Withdrawn status Lost status Source of classification or shelving scheme Damaged status Home library Current library Shelving location Date acquired Source of acquisition Total Checkouts Total Renewals Full call number Barcode Checked out Date last seen Date checked out Price effective from Koha item type Public note
    Library of Congress Classification   College Library College Library Filipiniana Section 03/18/2025 Library Fund 1 1 HB 615 .F75 2022 C24293 06/30/2025 03/19/2025 03/19/2025 03/18/2025 Books copy 1
    Library of Congress Classification   College Library College Library Filipiniana Section 04/29/2025 Library Fund     HB 615 .F75 2022 C24465   04/29/2025   04/29/2025 Books  
    Library of Congress Classification   College Library College Library Filipiniana Section 04/29/2025 Library Fund     HB 615 .F75 2022 C24466   04/29/2025   04/29/2025 Books  

Entrepreneurship

APA

Frias S. A., Banastao C. B., . (2022). Entrepreneurship. Manila: Unlimited Books Library Services and Publishing Inc.

Chicago

Frias Solita A, Banastao Cristina B, . 2022. Entrepreneurship. Manila: Unlimited Books Library Services and Publishing Inc.

Harvard

Frias S. A., Banastao C. B., . (2022). Entrepreneurship. Manila: Unlimited Books Library Services and Publishing Inc.

MLA

Frias Solita A, Banastao Cristina B, . Entrepreneurship. Manila: Unlimited Books Library Services and Publishing Inc. 2022.

  • Place hold
  • Print
  • Cite
  • Add to your cart (remove)
  • Save record
    BIBTEX Dublin Core MARCXML MARC (non-Unicode/MARC-8) MARC (Unicode/UTF-8) MARC (Unicode/UTF-8, Standard) MODS (XML) RIS
  • More searches
    Search for this title in:
    Other Libraries (WorldCat) Other Databases (Google Scholar) Online Stores (Bookfinder.com) Open Library (openlibrary.org)

Exporting to Dublin Core...

SOUTHVILLE LIBRARY

Southville International School and Colleges Library

1281 Tropical Ave. Cor. Luxembourg St., BF Homes International, Las Pinas City

Tel. No. 8256374 / 252358 Loc. 117/146

Powered by Koha